Fr. Conceicao Rodrigues College of Engineering

Head first design patterns (Record no. 27337)

MARC details
000 -LEADER
fixed length control field 00296nam a2200145Ia 4500
082 ## - DEWEY DECIMAL CLASSIFICATION NUMBER
Classification number 5.133
Item number FRE
100 ## - MAIN ENTRY--PERSONAL NAME
Personal name Freeman/Eric
245 ## - TITLE STATEMENT
Title Head first design patterns
260 ## - PUBLICATION, DISTRIBUTION, ETC.
Name of publisher, distributor, etc. Oreilly
Date of publication, distribution, etc. 2004
366 ## - TRADE AVAILABILITY INFORMATION
Publishers's discount category 20
300 ## - PHYSICAL DESCRIPTION
Extent 638
546 ## - LANGUAGE NOTE
Language note ENGLISH
-- Computers
942 ## - ADDED ENTRY ELEMENTS (KOHA)
Koha item type BOOK
Holdings
Withdrawn status Lost status Damaged status Not for loan Collection Home library Current library Date acquired Source of acquisition Cost, normal purchase price Inventory number Total Checkouts Full call number Barcode Date last seen Cost, replacement price Price effective from Koha item type
        CRC Fr. Agnel's C.Rodrigues College of Engineering Fr. Agnel's C.Rodrigues College of Engineering 17/03/2023 Book Base 400.00 10807 dt 26/04/2011   5.133 FRE 21551 17/03/2023 500.00   BOOK